ბათუმის შოთა რუსთაველის სახელმწიფო უნივერსიტეტის ბიბლიოთეკა

ფსიქოთერაპია : (ბიბ.ჩანაწერი № 34589)

000 -ლიდერი
ფიქსირებული სიგრძის საკონტროლო ველი 01327nam a2200253Ia 4500
001 - საკონტროლო ნომერი
საკონტროლო ველი 350
003 - საკონტროლო ნომრის იდენტიფიკატორი
საკონტროლო ველი GE_BSU
005 - ბოლო ოპერაციის თარიღი და დრო
საკონტროლო ველი 20200128171447.0
008 - ფიქსირებული სიგრძის მონაცემთა ელემენტები - ზოგადი ინფორმაცია
ფიქსირებული სიგრძის საკონტროლო ველი 181216s1999||||ge |||||||||||||| ||geo||
040 ## - კატალოგიზაციის წყარო
Transcribing agency GE_BSU
041 ## - ენის კოდი
Language code of text/sound track or separate title geo
080 ## - უნივერსალური ათობითი კლასიფიკაციის ინდექსი
Universal Decimal Classification number 615.8 მ-57
100 ## - მთავარი ჩანაწერი - პიროვნების სახელი
Personal name მერაბიშვილი, გივი
9 (RLIN) 6460
245 ## - ცნობა სათაურის შესახებ
Title ფსიქოთერაპია :
Remainder of title ფსიქოთერაპ. სკოლა "მენცარი"/
Statement of responsibility, etc გივი მერაბიშვილი.
264 ## - წარმოების, გამოცემის, დისტრიბუციის და სხვა ცნობები
გამოცემის, წარმოების, დისტრიბუციის... ადგილი თბილისი,
გამოცემის, წარმოების, დისტრიბუციის... სახელწოდება
გამოცემის, წარმოების, დისტრიბუციის... თარიღი 1999.
300 ## - ფიზიკური აღწერა
Extent 206 გვ.
Other physical details 20სმ.
520 ## - SUMMARY, ETC.
Summary, etc წიგნში განხილულია სხვადასხვა ფსიქოთერაპიული მიმდინარეობა მათი თეორიული წინამძღვრების, აღმოცენების მიზეზების, მკურნალობის მეთოდიკისა და პრაქტიკული გამოყენების ჩვენებით
653 ## - INDEX TERM--UNCONTROLLED
Uncontrolled term აუტოტრენინგი
653 ## - INDEX TERM--UNCONTROLLED
Uncontrolled term იოგა
653 ## - INDEX TERM--UNCONTROLLED
Uncontrolled term ფსიქოანალიზი
653 ## - INDEX TERM--UNCONTROLLED
Uncontrolled term ფსიქოთერაპია
653 ## - INDEX TERM--UNCONTROLLED
Uncontrolled term შრომათერაპია
942 ## - ADDED ENTRY ELEMENTS (KOHA)
Koha item type წიგნი
Source of classification or shelving scheme
ეგზემპლარები
ჩამოწერის სტატუსი დაკარგული ეგზემპლარის სტატუსი კლასიფიკაციის წყარო ან თაროზე გაწყობის სქემა დაზიანების სტატუსი არ გაიცემა მუდმივი მდებარეობა (დაცვის ადგილი) ამჟამინდელი ადგილსამყოფელი თაროზე განთავსების ადგილი შეძენის თარიღი ღირებულება, შესყიდვის ნორმალური ფასი სრული შენახვის შიფრი შტრიხკოდი ბოლო ოპერაციის თარიღი ეგზემპლარის მიმდევრობითი ნომერი (კეტერი?) ფასის ძალაში შესვლის თარიღი ეგზემპლარის სახეობა საჯარო შენიშვნა
          ბათუმის შოთა რუსთაველის სახელმწიფო უნივერსიტეტის მთავარი ბიბლიოთეკა ბათუმის შოთა რუსთაველის სახელმწიფო უნივერსიტეტის მთავარი ბიბლიოთეკა წიგნსაცავი 2018-12-17 20.00 615.8 მ-57 347 2018-12-17 347 2018-12-17 წიგნი 20 ლ.
          ბათუმის შოთა რუსთაველის სახელმწიფო უნივერსიტეტის მთავარი ბიბლიოთეკა ბათუმის შოთა რუსთაველის სახელმწიფო უნივერსიტეტის მთავარი ბიბლიოთეკა წიგნსაცავი 2018-12-17 20.00 615.8 მ-57 348 2018-12-17 348 2018-12-17 წიგნი 20 ლ.
          ბათუმის შოთა რუსთაველის სახელმწიფო უნივერსიტეტის მთავარი ბიბლიოთეკა ბათუმის შოთა რუსთაველის სახელმწიფო უნივერსიტეტის მთავარი ბიბლიოთეკა წიგნსაცავი 2018-12-17 20.00 615.8 მ-57 349 2018-12-17 349 2018-12-17 წიგნი 20 ლ.
          ბათუმის შოთა რუსთაველის სახელმწიფო უნივერსიტეტის მთავარი ბიბლიოთეკა ბათუმის შოთა რუსთაველის სახელმწიფო უნივერსიტეტის მთავარი ბიბლიოთეკა წიგნსაცავი 2018-12-17 20.00 615.8 მ-57 350 2018-12-17 350 2018-12-17 წიგნი 20 ლ.
          ბათუმის შოთა რუსთაველის სახელმწიფო უნივერსიტეტის მთავარი ბიბლიოთეკა ბათუმის შოთა რუსთაველის სახელმწიფო უნივერსიტეტის მთავარი ბიბლიოთეკა წიგნსაცავი 2018-12-17 20.00 615.8 მ-57 351 2018-12-17 351 2018-12-17 წიგნი 20 ლ.
          ბათუმის შოთა რუსთაველის სახელმწიფო უნივერსიტეტის მთავარი ბიბლიოთეკა ბათუმის შოთა რუსთაველის სახელმწიფო უნივერსიტეტის მთავარი ბიბლიოთეკა წიგნსაცავი 2018-12-17 20.00 615.8 მ-57 352 2018-12-17 352 2018-12-17 წიგნი 20 ლ.